Normal view
MARC view
Entry Topical Term
001 - CONTROL NUMBER
- control field: 9800
003 - CONTROL NUMBER IDENTIFIER
- control field: OSt
005 - DATE AND TIME OF LATEST TRANSACTION
- control field: 20160630145358.0
008 - FIXED-LENGTH DATA ELEMENTS
- fixed length control field: 160630|| aca||aabn | a|a d
040 ## - CATALOGING SOURCE
- Original cataloging agency: OSt
- Transcribing agency: OSt
150 ## - HEADING--TOPICAL TERM
- Topical term or geographic name entry element: Child growth
670 ## - SOURCE DATA FOUND
- Source citation: Work cat.: (OSt): Morley, David 9799, See how they grow :, 1979
